Wszystkie rudy w Minecraft. - Statystyki

Ogólne statystyki
  • Ten quiz został rozwiązany 169 razy
  • Średni wynik to 18 z 20
Statystyki odpowiedzi
Ruda: % Poprawnych
Łupkowe złoże diamentu
99%
Łupkowe złoże złota
99%
Netherowe złoże złota
99%
Złoże diamentu
99%
Złoże złota
99%
Łupkowe złoże żelaza
98%
Złoże żelaza
98%
Łupkowe złoże węgla
95%
Złoże węgla
95%
Łupkowe złoże miedzi
90%
Złoże miedzi
90%
Łupkowe złoże lazurytu
88%
Złoże lazurytu
88%
Łupkowe złoże redstone
86%
Złoże kwarcu
86%
Złoże redstone
86%
Łupkowe złoże szmaragdu
85%
Złoże szmaragdu
85%
Pradawne zgliszcza
80%
Skupisko ametystu
18%
Nie znaleziono quizów pasujących do podanych kryteriów
Rozkład punktacji
Procent ludzi z każdym wynikiem
Percentyl według liczby udzielonych odpowiedzi
Twoja historia wyników
Nie rozwiązałeś tego quizu